00555nam a2200193 a 4500001001300000003000900013005001700022008004100039020002300080082001600103100001600119245007700135260003900212300000900251500003500260505003000295650002000325700001600345nice12345678IN_TiNIC20260116014435.0050524s2004 newa grp 000 0 eng  a8180286 c52500a394.26bOST aOstor, Akos aPlay of the Gods, Locality, Ideology, Structure, & Time in the Festivals aNew Delhi bChronicle Books c2004 a262p aincludes index and biblioraphy2 aIndex, Glossary, Appendix aFestivals-India1 aOstor, Akos